[Event "SF Lieme 1 - PSV Duisburg 1"]
[Site "Oberliga NRW 2014/2015"]
[Date "2015.04.26"]
[Round "9.3"]
[White "Wengenroth, Walter"]
[Black "Himpenmacher, Andy"]
[Result "1/2-1/2"]
[WhiteElo "2200"]
[BlackElo "2121"]
[PlyCount "29"]
[EventDate "2015.??.??"]
[WhiteTeam "PSV Duisburg 1"]
[BlackTeam "SF Lieme 1"]

1. Nf3 Nf6 2. c4 e6 3. Nc3 d5 4. d4 Be7 5. Bg5 h6 6. Bxf6 Bxf6 7. Qc2 O-O 8.
O-O-O c5 9. dxc5 Qa5 10. cxd5 Bxc3 11. Qxc3 Qxc3+ 12. bxc3 exd5 13. Nd4 Be6 14.
e4 Nc6 15. Nxc6 1/2-1/2

[Event "SF Lieme 1 - PSV Duisburg 1"]
[Site "Oberliga NRW 2014/2015"]
[Date "2015.04.26"]
[Round "9.4"]
[White "Schaffarczyk, Andre"]
[Black "Maslak, Sulejman"]
[Result "0-1"]
[WhiteElo "2115"]
[BlackElo "2273"]
[PlyCount "88"]
[EventDate "2015.??.??"]
[WhiteTeam "SF Lieme 1"]
[BlackTeam "PSV Duisburg 1"]

1. e4 e6 2. d4 d5 3. Nc3 Nf6 4. e5 Nfd7 5. f4 c5 6. Nf3 Nc6 7. Be3 a6 8. Qd2
Qc7 9. Be2 b6 10. O-O g6 11. Nd1 Bb7 12. c3 Be7 13. Nf2 O-O-O 14. Rab1 h6 15.
b4 c4 16. b5 axb5 17. Rxb5 Na5 18. Qc2 Bc6 19. Rbb1 b5 20. Rfe1 Nb6 21. Ng4 Na4
22. Nf6 Nb7 23. Bd1 Qa5 24. Bd2 Kc7 25. Qc1 Ra8 26. f5 gxf5 27. Bxa4 Qxa4 28.
Bxh6 Qxa2 29. Bg7 Bxf6 30. exf6 Rhd8 31. Qf4+ Kb6 32. Ng5 Rd7 33. h4 Nd6 34. h5
Ne4 35. Nxe4 dxe4 36. Ra1 Qb2 37. Rxa8 Bxa8 38. Qe3 f4 39. Qxf4 Qxc3 40. Qe3
Qxe3+ 41. Rxe3 b4 42. Bf8 Kb5 43. Be7 c3 44. h6 Rc7 0-1

[Event "SF Lieme 1 - PSV Duisburg 1"]
[Site "Oberliga NRW 2014/2015"]
[Date "2015.04.26"]
[Round "9.5"]
[White "Heisel, Guido"]
[Black "Stork, Holger"]
[Result "0-1"]
[WhiteElo "2091"]
[BlackElo "2051"]
[PlyCount "54"]
[EventDate "2015.??.??"]
[WhiteTeam "PSV Duisburg 1"]
[BlackTeam "SF Lieme 1"]

1. d4 Nf6 2. Bg5 Ne4 3. Bf4 d5 4. e3 Bf5 5. f3 Nf6 6. g4 Bg6 7. h4 h5 8. g5
Nfd7 9. c4 dxc4 10. Bxc4 e5 11. dxe5 Bb4+ 12. Nc3 Qe7 13. e6 fxe6 14. Bd3 Bxc3+
15. bxc3 Bxd3 16. Qxd3 e5 17. Bg3 Nc6 18. Ne2 O-O-O 19. O-O Rhf8 20. Kg2 Nc5
21. Qc2 Qe6 22. c4 Rd3 23. Bf2 Rxf3 24. Bg3 Rfxe3 25. Rf8+ Nd8 26. Rd1 Qg4 27.
Rxd3 Nxd3 0-1

[Event "SF Lieme 1 - PSV Duisburg 1"]
[Site "Oberliga NRW 2014/2015"]
[Date "2015.04.26"]
[Round "9.6"]
[White "Stukenbrok, Nils"]
[Black "Sponheim, Marko"]
[Result "1-0"]
[WhiteElo "1991"]
[BlackElo "1954"]
[PlyCount "87"]
[EventDate "2015.??.??"]
[WhiteTeam "SF Lieme 1"]
[BlackTeam "PSV Duisburg 1"]

1. d4 Nf6 2. c4 c5 3. d5 b5 4. cxb5 a6 5. bxa6 Bxa6 6. Nc3 d6 7. e4 Bxf1 8.
Kxf1 Nbd7 9. Nf3 g6 10. g3 Bg7 11. Kg2 O-O 12. h3 Qa5 13. Re1 Rfb8 14. Re2 Nb6
15. e5 Nfd7 16. exd6 exd6 17. Ne4 Nc4 18. Nfd2 Nxb2 19. Bxb2 Bxb2 20. Nc4 Qa6
21. Nxb2 Rb4 22. Nc3 Rab8 23. Qc1 Nf6 24. Nbd1 Nxd5 25. Nxd5 Qxe2 26. Nxb4 Rxb4
27. Qe3 Qc2 28. Qc3 Qe4+ 29. Qf3 Qc2 30. Ne3 Qb2 31. Rd1 Rd4 32. Rxd4 cxd4 33.
Nc4 Qxa2 34. Qd5 h5 35. Qxd4 Qa8+ 36. Kh2 Qc6 37. Nxd6 h4 38. gxh4 Qf3 39. Ne8
Kf8 40. Qf6 Qb3 41. Nd6 Qd5 42. Kg3 Qd3+ 43. f3 Qd5 44. Qxf7+ 1-0

[Event "SF Lieme 1 - PSV Duisburg 1"]
[Site "Oberliga NRW 2014/2015"]
[Date "2015.04.26"]
[Round "9.7"]
[White "Sirringhaus, Wilfried"]
[Black "Niermann, Tristan"]
[Result "0-1"]
[WhiteElo "2095"]
[BlackElo "1919"]
[PlyCount "52"]
[EventDate "2015.??.??"]
[WhiteTeam "PSV Duisburg 1"]
[BlackTeam "SF Lieme 1"]

1. e4 e5 2. Nc3 Nf6 3. Bc4 Nc6 4. d3 Bc5 5. f4 d6 6. Nf3 Bg4 7. h3 Bxf3 8. Qxf3
Nd4 9. Qg3 O-O 10. fxe5 dxe5 11. Bh6 Nh5 12. Qg4 Nxc2+ 13. Kd2 Nxa1 14. Rf1 Qd6
15. Qxh5 Qxh6+ 16. Qxh6 gxh6 17. Nd5 Kg7 18. Nf6 Bb4+ 19. Kc1 c6 20. d4 b5 21.
Nh5+ Kh8 22. Bxf7 exd4 23. e5 d3 24. e6 Nc2 25. Rd1 Rad8 26. Nf4 Ne3 0-1

[Event "SF Lieme 1 - PSV Duisburg 1"]
[Site "Oberliga NRW 2014/2015"]
[Date "2015.04.26"]
[Round "9.8"]
[White "Stork, Joachim"]
[Black "Hehlke, Oliver"]
[Result "1-0"]
[WhiteElo "1932"]
[BlackElo "1646"]
[Annotator "Hausrath,Daniel"]
[PlyCount "119"]
[EventDate "2015.??.??"]
[WhiteTeam "SF Lieme 1"]
[BlackTeam "PSV Duisburg 1"]

1. d4 Nf6 2. Bg5 g6 3. Bxf6 exf6 4. e3 Bg7 5. g3 O-O 6. Bg2 f5 7. Ne2 Nc6 8. c4
b6 9. O-O Bb7 10. b4 Qe7 11. Qb3 Nd8 12. Nbc3 Bxg2 13. Kxg2 c6 14. a4 Ne6 15.
h4 Bf6 16. Rad1 Ng7 17. d5 g5 18. hxg5 Bxg5 19. Nd4 Rac8 20. d6 Qxd6 21. Nf3
Qe7 22. Nxg5 Qxg5 23. Rxd7 Rcd8 24. Rfd1 h5 25. Rxd8 Rxd8 26. Rxd8+ Qxd8 27.
Qd1 Qf6 28. Qd4 Qg5 $11 29. Ne2 Ne6 30. Qh4 Kg7 31. Qxg5+ Nxg5 32. Nd4 Ne4 33.
Nxc6 Nd6 34. Nxa7 Nxc4 35. Nc6 Kf6 36. a5 bxa5 37. bxa5 Kg5 38. a6 Nb6 39. Nd4
Na8 40. Kh3 Nb6 41. a7 Na8 42. Nb5 Kh6 43. Kh4 Kg6 44. f3 Kh6 45. Nc3 Kg6 46.
Nd5 f6 47. Nf4+ Kf7 48. Kxh5 Ke7 49. Kg6 Kd7 50. Kxf6 Kc7 51. Kxf5 Kb7 52. g4
Nc7 53. g5 Ne8 54. Ke6 Kxa7 55. g6 Kb6 56. Kf7 Nd6+ 57. Kf8 Nf5 58. g7 Nxg7 59.
Kxg7 Kc5 60. Kf6 1-0

[Event "SG Porz 2 - SV Dinslaken 1"]
[Site "Oberliga NRW 2014/2015"]
[Date "2015.04.26"]
[Round "9.1"]
[White "Sielecki, Christof"]
[Black "Miedema, David"]
[Result "1-0"]
[WhiteElo "2443"]
[BlackElo "2350"]
[Annotator "Hausrath,Daniel"]
[PlyCount "81"]
[EventDate "2015.??.??"]
[WhiteTeam "SV Dinslaken 1"]
[BlackTeam "SG Porz 2"]

1. d4 Nf6 2. c4 g6 3. Nc3 Bg7 4. e4 d6 5. h3 O-O 6. Bg5 c5 7. d5 b5 8. cxb5 a6
9. a4 Qa5 10. Bd2 Qb4 11. Qb1 axb5 12. Bd3 c4 $11 13. Nxb5 Qc5 14. Bc2 Bd7 15.
Nc3 e6 16. dxe6 fxe6 17. Nf3 Nc6 18. O-O d5 19. Ne2 Rab8 20. Bc3 e5 21. exd5
Nxd5 22. Qd1 Bxh3 23. gxh3 Rxf3 24. Be4 Rd8 25. Bxf3 Nxc3 26. bxc3 Rxd1 27.
Rfxd1 Bf6 28. Ng3 Bh4 29. Bd5+ Kg7 30. Ne4 Qb6 31. Rdb1 Qa6 32. a5 Nxa5 33. Rb8
Kh6 34. Ra8 Qb5 35. R8xa5 Qd7 36. Bxc4 Qxh3 37. Bf1 Qg4+ 38. Bg2 Qe2 39. Rxe5
Bxf2+ 40. Nxf2 Qxe5 41. Ng4+ 1-0

[Event "SG Porz 2 - SV Dinslaken 1"]
[Site "Oberliga NRW 2014/2015"]
[Date "2015.04.26"]
[Round "9.3"]
[White "Kern, Guido"]
[Black "Malykin, Vitaly"]
[Result "1/2-1/2"]
[WhiteElo "2302"]
[BlackElo "2361"]
[PlyCount "47"]
[EventDate "2015.??.??"]
[WhiteTeam "SV Dinslaken 1"]
[BlackTeam "SG Porz 2"]

1. Nf3 d5 2. d4 Nf6 3. c4 c6 4. cxd5 cxd5 5. Nc3 Nc6 6. Bf4 Ne4 7. e3 Nxc3 8.
bxc3 g6 9. Ne5 Bg7 10. Bb5 Bd7 11. Bxc6 Bxc6 12. Nxc6 bxc6 13. Qa4 Qd7 14. O-O
O-O 15. c4 Rad8 16. Rab1 c5 17. Qxd7 Rxd7 18. dxc5 e5 19. Bg3 Rc8 20. Rfd1 Rxc5
21. Rb8+ Bf8 22. Bxe5 Rxc4 23. h3 f5 24. Rd2 1/2-1/2

[Event "SG Porz 2 - SV Dinslaken 1"]
[Site "Oberliga NRW 2014/2015"]
[Date "2015.04.26"]
[Round "9.4"]
[White "Peschlow, Patrick"]
[Black "Mundorf, Johannes"]
[Result "1/2-1/2"]
[WhiteElo "2321"]
[BlackElo "2219"]
[Annotator "Hausrath,Daniel"]
[PlyCount "77"]
[EventDate "2015.??.??"]
[WhiteTeam "SG Porz 2"]
[BlackTeam "SV Dinslaken 1"]

1. e4 e6 2. d4 d5 3. Nc3 Nf6 4. e5 Nfd7 5. f4 c5 6. Nf3 Qb6 7. Be3 a6 8. Na4
Qa5+ 9. c3 cxd4 10. b4 Qc7 11. Qxd4 Nc6 12. Qd2 Be7 13. Be2 O-O 14. O-O b5 15.
Nb2 f6 16. a4 Rb8 17. axb5 axb5 18. Nd4 Nxd4 19. cxd4 Nb6 20. Nd3 Nc4 21. Qc3
f5 22. Nc5 Bxc5 23. dxc5 Bd7 $11 24. Bd4 Ra8 25. Rxa8 Rxa8 26. Ra1 Qc6 27. Kf2
Ra6 28. Rxa6 Qxa6 29. Qa1 Qxa1 30. Bxa1 Kf7 31. h3 Nd2 32. g4 Ne4+ 33. Ke3 g6
34. Bb2 Bc6 35. Bc1 Ke7 36. Bd2 Kf7 37. Be1 Ke7 38. Bh4+ Kf7 39. Be1 1/2-1/2

[Event "SG Porz 2 - SV Dinslaken 1"]
[Site "Oberliga NRW 2014/2015"]
[Date "2015.04.26"]
[Round "9.5"]
[White "Stillger, Bernhard"]
[Black "Gallinnis, Norbert"]
[Result "1/2-1/2"]
[WhiteElo "2190"]
[BlackElo "2222"]
[PlyCount "139"]
[EventDate "2015.??.??"]
[WhiteTeam "SV Dinslaken 1"]
[BlackTeam "SG Porz 2"]

1. d4 Nf6 2. c4 c5 3. d5 Ne4 4. Qc2 Qa5+ 5. Nc3 Nxc3 6. Bd2 e5 7. Bxc3 Qc7 8.
e3 d6 9. Bd3 g6 10. h4 Nd7 11. h5 Bg7 12. f4 Nf6 13. hxg6 hxg6 14. Rxh8+ Bxh8
15. fxe5 dxe5 16. O-O-O Ng4 17. Qe2 Qe7 18. Nh3 Bd7 19. Nf2 Nh6 20. d6 Qd8 21.
Qe1 f5 22. Be2 Nf7 23. Nd3 Qg5 24. Kb1 b6 25. g4 Qxe3 26. Qh1 Rd8 27. Re1 Be6
28. Bf1 Qg3 29. Qc6+ Kf8 30. d7 Ke7 31. Be2 Rxd7 32. Nxc5 bxc5 33. Qxc5+ Ke8
34. Bd1 e4 35. Bb4 Nd6 36. Ba4 Qd3+ 37. Ka1 Qxc4 38. Bxd7+ Kxd7 39. Qxd6+ Kc8
40. Qc5+ Kb7 41. Qxc4 Bxc4 42. gxf5 gxf5 43. Bd6 Bd4 44. Bf4 Bf2 45. Rc1 Bd3
46. Rc7+ Kb6 47. Re7 Bd4 48. a3 Kb5 49. Ka2 Be2 50. b3 Bg4 51. a4+ Kc6 52. b4
Kd5 53. Kb3 Bd1+ 54. Ka3 Be2 55. Kb3 Bc4+ 56. Kc2 Bd3+ 57. Kb3 Kc6 58. Rc7+ Kb6
59. Re7 Be2 60. Bb8 Ka6 61. b5+ Ka5 62. Bc7+ Bb6 63. Bxb6+ Kxb6 64. Kb4 a5+ 65.
bxa6 Kxa6 66. Re6+ Kb7 67. Kc5 Bd3 68. Kd4 f4 69. Rxe4 Bxe4 70. Kxe4 1/2-1/2

[Event "SG Porz 2 - SV Dinslaken 1"]
[Site "Oberliga NRW 2014/2015"]
[Date "2015.04.26"]
[Round "9.6"]
[White "Pauly, Carlo"]
[Black "Ossig, Rainer"]
[Result "0-1"]
[WhiteElo "2248"]
[BlackElo "2125"]
[PlyCount "84"]
[EventDate "2015.??.??"]
[WhiteTeam "SG Porz 2"]
[BlackTeam "SV Dinslaken 1"]

1. d4 e6 2. c4 f5 3. g3 Nf6 4. Bg2 c6 5. Nf3 d5 6. Bf4 Be7 7. O-O O-O 8. Nbd2
h6 9. Qc2 Na6 10. Ne5 Nh5 11. Be3 Bd6 12. f4 Bd7 13. Qb3 Bc8 14. Rac1 Nf6 15.
h3 Rb8 16. Bf3 Bd7 17. g4 fxg4 18. hxg4 Bxe5 19. dxe5 dxc4 20. Nxc4 Nd5 21. Qd3
Qh4 22. Kg2 Rxf4 23. Rh1 Rxg4+ 24. Kf1 Qg3 25. Bf2 Qf4 26. Ne3 Nab4 27. Qd2 Rf8
28. a3 Nxe3+ 29. Bxe3 Qg3 30. Bf2 Rxf3 31. exf3 Qxf3 32. Rh2 Nd5 33. Re1 c5 34.
Qe2 Qf5 35. b3 Nf4 36. Qc4 Nd3 37. Qc2 Bb5 38. Re2 Qf3 39. a4 Ba6 40. Qd2 Nxf2
41. Qd8+ Kh7 42. Rxh6+ gxh6 0-1

[Event "SG Porz 2 - SV Dinslaken 1"]
[Site "Oberliga NRW 2014/2015"]
[Date "2015.04.26"]
[Round "9.7"]
[White "Walter, Andreas"]
[Black "Wagenknecht, Uwe"]
[Result "0-1"]
[WhiteElo "2135"]
[BlackElo "2154"]
[PlyCount "110"]
[EventDate "2015.??.??"]
[WhiteTeam "SV Dinslaken 1"]
[BlackTeam "SG Porz 2"]

1. d4 Nf6 2. c4 g6 3. Nc3 Bg7 4. e4 d6 5. Be2 c5 6. d5 Qa5 7. Bd2 O-O 8. Nf3
Bg4 9. O-O Nbd7 10. Qc2 a6 11. a4 Rae8 12. h3 Bxf3 13. Bxf3 Qc7 14. Rae1 e6 15.
Bd1 e5 16. Bf3 Kh8 17. g3 Ng8 18. Bg2 Ne7 19. f3 f5 20. g4 Nf6 21. Rb1 Rb8 22.
Be3 Nd7 23. Rf2 f4 24. Bd2 Bf6 25. Bf1 Bh4 26. Rg2 g5 27. Bd3 Ng6 28. Ne2 a5
29. Qc3 Ra8 30. Rf1 Nf6 31. Bc2 Rf7 32. Be1 Bxe1 33. Qxe1 Nh4 34. Rh2 h5 35.
Kf2 Rh7 36. Rfh1 Kg7 37. Nc1 Rah8 38. Nb3 Nxf3 39. Kxf3 hxg4+ 40. Ke2 b6 41.
Nd2 g3 42. Rg2 g4 43. h4 Rxh4 44. Rxh4 Rxh4 45. Kd3 Qf7 46. Nf1 Qh5 47. Bd1 Rh1
48. Kc2 Qh3 49. Qe2 f3 50. Qxf3 gxf3 51. Rxg3+ Kf8 52. Rxh3 Rxh3 53. Kd3 Ng4
54. Nd2 f2+ 55. Kc2 Ne3+ 0-1

[Event "SG Porz 2 - SV Dinslaken 1"]
[Site "Oberliga NRW 2014/2015"]
[Date "2015.04.26"]
[Round "9.8"]
[White "Xu, Xianliang"]
[Black "Cebulla, Konstantin"]
[Result "1-0"]
[WhiteElo "2172"]
[BlackElo "2056"]
[PlyCount "101"]
[EventDate "2015.??.??"]
[WhiteTeam "SG Porz 2"]
[BlackTeam "SV Dinslaken 1"]

1. e4 e6 2. Nf3 d5 3. Nc3 Nf6 4. e5 Nfd7 5. d4 c5 6. dxc5 Nc6 7. Bf4 Bxc5 8.
Bd3 f6 9. exf6 Qxf6 10. Bg5 Qf7 11. Qe2 O-O 12. O-O-O h6 13. Kb1 Nd4 14. Nxd4
Bxd4 15. Bd2 Nc5 16. Be3 Bxe3 17. fxe3 Bd7 18. Rhf1 Qe7 19. Rf4 Rf6 20. Rxf6
Qxf6 21. e4 d4 22. e5 Qe7 23. Ne4 Bc6 24. Nd6 Nxd3 25. Rxd3 Rf8 26. g3 Qg5 27.
b3 a5 28. a4 Qd8 29. Rxd4 Qb6 30. Rf4 Rxf4 31. gxf4 Qd8 32. Ka2 Qh4 33. f5 exf5
34. Nxf5 Qe4 35. Qxe4 Bxe4 36. Nd6 Bf3 37. Kb2 h5 38. Kc3 g5 39. Kd4 g4 40. e6
Kf8 41. Ke5 h4 42. Kf6 Bc6 43. Nf5 g3 44. hxg3 h3 45. e7+ Kg8 46. Nh6+ Kh7 47.
Ng4 Be8 48. Nh2 Kh6 49. c3 Kh7 50. b4 b6 51. b5 1-0

[Event "SV Würselen 1 - SV Wattenscheid 1"]
[Site "Oberliga NRW 2014/2015"]
[Date "2015.04.26"]
[Round "9.1"]
[White "Hopman, Pieter"]
[Black "Hovhannisyan, Mher"]
[Result "1/2-1/2"]
[WhiteElo "2303"]
[BlackElo "2489"]
[PlyCount "64"]
[EventDate "2015.??.??"]
[WhiteTeam "SV Wattenscheid 1"]
[BlackTeam "SV Würselen 1"]

1. d4 d5 2. c4 c6 3. Nf3 Nf6 4. e3 a6 5. Bd2 g6 6. Be2 Bg7 7. O-O Ne4 8. Qb3
Nxd2 9. Nbxd2 O-O 10. Rfd1 a5 11. Rac1 a4 12. Qa3 e6 13. b4 Qe7 14. Rb1 Nd7 15.
Qc1 e5 16. dxe5 Nxe5 17. Nxe5 Bxe5 18. Nf3 Bf5 19. Bd3 Bg4 20. Be2 Bf5 21. Bd3
Bg4 22. Be2 Bxf3 23. Bxf3 Qh4 24. cxd5 Qxh2+ 25. Kf1 cxd5 26. Bxd5 Rac8 27. Qd2
Rfd8 28. Rbc1 Qh1+ 29. Ke2 Qh5+ 30. Kf1 Qh1+ 31. Ke2 Qh5+ 32. Kf1 Qh1+ 1/2-1/2

[Event "SV Würselen 1 - SV Wattenscheid 1"]
[Site "Oberliga NRW 2014/2015"]
[Date "2015.04.26"]
[Round "9.2"]
[White "Docx, Stefan"]
[Black "Straeter, Timo"]
[Result "0-1"]
[WhiteElo "2405"]
[BlackElo "2284"]
[PlyCount "104"]
[EventDate "2015.??.??"]
[WhiteTeam "SV Würselen 1"]
[BlackTeam "SV Wattenscheid 1"]

1. Nf3 d5 2. c4 c6 3. e3 Nf6 4. Nc3 a6 5. b3 Bg4 6. Be2 e6 7. O-O Nbd7 8. h3
Bh5 9. Bb2 Bd6 10. d4 O-O 11. Rc1 Ne4 12. Nxe4 dxe4 13. Nd2 Bg6 14. f4 exf3 15.
Nxf3 Qe7 16. Bd3 e5 17. Bxg6 hxg6 18. c5 Bc7 19. d5 cxd5 20. Qxd5 Nf6 21. Qc4
e4 22. Nd2 Rfe8 23. b4 Rad8 24. Bd4 Bb8 25. Rfd1 Nh5 26. Nf1 Qg5 27. Rc2 Ng3
28. Rf2 Nf5 29. Re1 Re6 30. Bc3 Rd3 31. Rd2 Nh4 32. Ree2 Nf3+ 33. Kh1 Nxd2 34.
Bxd2 Qe5 35. Rf2 Rf6 36. Kg1 Rxf2 37. Kxf2 Bc7 38. Ke2 g5 39. Be1 Qd5 40. Qxd5
Rxd5 41. Nd2 f5 42. Nb3 g6 43. Bc3 Kf7 44. Bd4 Ke6 45. a4 Rd8 46. c6 bxc6 47.
Nc5+ Kd5 48. Nxa6 Be5 49. Bb6 Ra8 50. Nc5 Bd6 51. a5 Bxc5 52. Bxc5 Rxa5 0-1

[Event "SV Würselen 1 - SV Wattenscheid 1"]
[Site "Oberliga NRW 2014/2015"]
[Date "2015.04.26"]
[Round "9.3"]
[White "Kerigan, Demre"]
[Black "Cekro, Ekrem"]
[Result "1/2-1/2"]
[WhiteElo "2349"]
[BlackElo "2356"]
[PlyCount "127"]
[EventDate "2015.??.??"]
[WhiteTeam "SV Wattenscheid 1"]
[BlackTeam "SV Würselen 1"]

1. e4 g6 2. d4 c6 3. Nc3 Bg7 4. Nf3 d6 5. Be3 Qb6 6. Rb1 Bg4 7. Be2 Nd7 8. O-O
Qc7 9. Qd2 Ngf6 10. Rfe1 O-O 11. Rbd1 b5 12. e5 b4 13. exf6 bxc3 14. bxc3 Nxf6
15. Bf4 Rab8 16. h3 Bxf3 17. Bxf3 Rfe8 18. c4 c5 19. c3 cxd4 20. cxd4 Qxc4 21.
Rc1 Qa6 22. Rc7 e6 23. Rec1 Nd5 24. Bxd5 exd5 25. Bh6 Bxh6 26. Qxh6 Rbc8 27.
Qf4 Rxc7 28. Rxc7 Rf8 29. h4 Qxa2 30. Kh2 h5 31. Rd7 Qe2 32. Rxa7 Qe6 33. Ra6
Rd8 34. Qg5 Rd7 35. Qh6 Qf6 36. Ra8+ Rd8 37. Rxd8+ Qxd8 38. Qf4 Qe7 39. g3 Qe2
40. Qf6 Qe1 41. Qf3 Kg7 42. Qe3 Qb1 43. Qf4 Qe1 44. f3 Qf2+ 45. Kh3 Qe2 46. g4
hxg4+ 47. fxg4 Qe4 48. Qf2 f6 49. Kg3 Qd3+ 50. Kh2 Qe4 51. Kg3 Kf7 52. Qd2 Ke6
53. Qc3 Kd7 54. Qb4 Qd3+ 55. Kf2 Ke6 56. Qa4 Qd2+ 57. Kf3 Qc3+ 58. Kg2 Qc8 59.
Qb3 Ke7 60. Kg3 Qe6 61. Qb7+ Kf8 62. Qb8+ Kg7 63. Qc7+ Kh6 64. Qd8 1/2-1/2

[Event "SV Würselen 1 - SV Wattenscheid 1"]
[Site "Oberliga NRW 2014/2015"]
[Date "2015.04.26"]
[Round "9.4"]
[White "Beukema, Stefan"]
[Black "Schoorl, Rob"]
[Result "0-1"]
[WhiteElo "2294"]
[BlackElo "2346"]
[PlyCount "48"]
[EventDate "2015.??.??"]
[WhiteTeam "SV Würselen 1"]
[BlackTeam "SV Wattenscheid 1"]

1. f4 d6 2. Nf3 Bg4 3. e4 d5 4. e5 e6 5. d4 c5 6. c3 Nc6 7. dxc5 Bxc5 8. h3 Bh5
9. Nbd2 Nge7 10. b4 Bb6 11. b5 Na5 12. Ba3 Nf5 13. g4 Ne3 14. Qa4 Bg6 15. Rc1
Rc8 16. Rh2 Nac4 17. Nxc4 Nxc4 18. Bb4 Be4 19. Ng5 Nxe5 20. c4 dxc4 21. Rd2
Nd3+ 22. Bxd3 Bxd3 23. Qd1 Qd4 24. Rxd3 Qf2# 0-1

[Event "SV Würselen 1 - SV Wattenscheid 1"]
[Site "Oberliga NRW 2014/2015"]
[Date "2015.04.26"]
[Round "9.5"]
[White "Thiel, Thomas"]
[Black "Verstraeten, Reinaert"]
[Result "1/2-1/2"]
[WhiteElo "2296"]
[BlackElo "2250"]
[PlyCount "68"]
[EventDate "2015.??.??"]
[WhiteTeam "SV Wattenscheid 1"]
[BlackTeam "SV Würselen 1"]

1. e4 c5 2. Nc3 Nc6 3. Bb5 Nd4 4. Bc4 e6 5. Nge2 a6 6. d3 Ne7 7. Nxd4 cxd4 8.
Ne2 Nc6 9. O-O Bc5 10. Bb3 O-O 11. Ng3 Na5 12. Qg4 f6 13. f4 Nxb3 14. axb3 b5
15. f5 e5 16. Bh6 Rf7 17. Rf3 Bf8 18. Bd2 Bb7 19. Qh4 Rc8 20. Rc1 Qb6 21. Nh5
d5 22. exd5 Bxd5 23. Rh3 Qc6 24. Nf4 h6 25. Ng6 e4 26. Qg4 Rfc7 27. Bxh6 exd3
28. Bf4 Bd6 29. Rh8+ Kf7 30. Qh5 Rxh8 31. Nxh8+ Kg8 32. cxd3 Qxc1+ 33. Bxc1
Rxc1+ 34. Kf2 Rc2+ 1/2-1/2

[Event "SV Würselen 1 - SV Wattenscheid 1"]
[Site "Oberliga NRW 2014/2015"]
[Date "2015.04.26"]
[Round "9.6"]
[White "Goossens, Etienne"]
[Black "Franke, Johannes"]
[Result "0-1"]
[WhiteElo "2210"]
[BlackElo "2279"]
[PlyCount "64"]
[EventDate "2015.??.??"]
[WhiteTeam "SV Würselen 1"]
[BlackTeam "SV Wattenscheid 1"]

1. d4 c5 2. d5 e5 3. e4 d6 4. Bd3 Be7 5. Nd2 Nf6 6. a4 O-O 7. Ne2 Ne8 8. Ra3
Bg5 9. h4 Bh6 10. Ng3 Nd7 11. Nf5 Bxd2+ 12. Bxd2 Ndf6 13. g4 Bxf5 14. gxf5 c4
15. Bxc4 Nxe4 16. Be3 Rc8 17. Bd3 Qa5+ 18. Kf1 Qxd5 19. Rg1 N8f6 20. Bh6 g6 21.
Bxf8 Kxf8 22. fxg6 hxg6 23. Qe2 Nc5 24. Rc3 Qd4 25. h5 Nxh5 26. Bxg6 Nf6 27.
Rc4 Qxb2 28. Qd2 Qb1+ 29. Kg2 Qb6 30. Qh6+ Ke7 31. Qg7 Rf8 32. Re1 Ne6 0-1

[Event "SV Würselen 1 - SV Wattenscheid 1"]
[Site "Oberliga NRW 2014/2015"]
[Date "2015.04.26"]
[Round "9.7"]
[White "Hirsch, Stefan"]
[Black "Weimann, Maximilian"]
[Result "1/2-1/2"]
[WhiteElo "2226"]
[BlackElo "2176"]
[Annotator "Hausrath,Daniel"]
[PlyCount "53"]
[EventDate "2015.??.??"]
[WhiteTeam "SV Wattenscheid 1"]
[BlackTeam "SV Würselen 1"]

1. e4 c5 2. Nf3 e6 3. c3 d5 4. e5 d4 5. cxd4 cxd4 6. Bb5+ Bd7 7. Qe2 a6 8.
Bxd7+ Qxd7 9. O-O Nc6 10. d3 Nge7 11. Nbd2 Nd5 12. Nb3 Nb6 13. Qe4 Qd5 $11 14.
Qxd5 Nxd5 15. a3 Rd8 16. Re1 Nb6 17. Bg5 Rd5 18. Re4 Nd7 19. Rc1 h6 20. Bh4 Nc5
21. Nxc5 Bxc5 22. b4 Ba7 23. Rg4 Kf8 24. h3 h5 25. Re4 Kg8 26. Ng5 Bb6 27. f4
1/2-1/2

[Event "SV Würselen 1 - SV Wattenscheid 1"]
[Site "Oberliga NRW 2014/2015"]
[Date "2015.04.26"]
[Round "9.8"]
[White "Sarrau, Jelle"]
[Black "De Weerd, Warner"]
[Result "1-0"]
[WhiteElo "2307"]
[BlackElo "2196"]
[PlyCount "81"]
[EventDate "2015.??.??"]
[WhiteTeam "SV Würselen 1"]
[BlackTeam "SV Wattenscheid 1"]

1. d4 d6 2. Nf3 Nf6 3. c4 Nbd7 4. Nc3 e5 5. e4 Be7 6. Be2 O-O 7. O-O c6 8. Rb1
exd4 9. Nxd4 Nc5 10. Qc2 a5 11. Rd1 Qc7 12. Bf4 Re8 13. Bf3 Ng4 14. b3 Ne5 15.
Be2 Bf6 16. Bg3 Qe7 17. a3 Ng6 18. Bf3 Be5 19. b4 axb4 20. axb4 Qf6 21. bxc5
Bxd4 22. cxd6 Bxc3 23. d7 Bxd7 24. Rxd7 Ne5 25. Rdxb7 Nxf3+ 26. gxf3 Bd4 27.
Kg2 h5 28. Qd2 g5 29. Rd7 c5 30. Rbb7 Rf8 31. Rd5 g4 32. Rg5+ Kh7 33. Rxh5+ Kg7
34. fxg4 Ra4 35. Rf5 Qe6 36. Qg5+ Qg6 37. Qf4 Qe6 38. Rg5+ Kh7 39. Rh5+ Kg7 40.
Qg5+ Qg6 41. Be5+ 1-0

[Event "SV Erkenschwick 1 - Oberhausener SV 1"]
[Site "NRW-Klasse, Gruppe 1 2014/201"]
[Date "2014.09.14"]
[Round "1.1"]
[White "Hort, Vlastimil"]
[Black "Willemze, Thomas"]
[Result "1/2-1/2"]
[WhiteElo "2386"]
[BlackElo "2372"]
[Annotator "Doe,John"]
[PlyCount "71"]
[EventDate "2014.??.??"]
[WhiteTeam "Oberhausener SV 1"]
[BlackTeam "SV Erkenschwick 1"]

1. e4 d5 2. exd5 Qxd5 3. Nc3 Qa5 4. g3 g6 5. Bg2 Bg7 6. Nge2 c6 7. d3 Nf6 8. h3
O-O 9. O-O Nbd7 10. Rb1 Qd8 11. b4 Nb6 12. Bd2 Bd7 13. Qc1 Qc8 14. Kh2 Nbd5 15.
a4 Rd8 16. Qa3 Bf5 17. a5 Ne8 18. Rfc1 Nec7 19. Ne4 Nb5 20. Qb3 Nd4 21. Nxd4
Bxd4 22. c3 Bg7 23. Re1 Bxe4 24. Rxe4 e5 25. Bg5 f6 26. Bd2 Kh8 27. Rbe1 Nc7
28. d4 Nb5 29. Bc1 exd4 30. Re7 Nd6 31. cxd4 Nf5 32. R7e4 Qd7 33. Bb2 a6 34.
Qe6 Qc7 35. Qb3 Qd7 36. R1e2 {Rest nicht leserlich!} 1/2-1/2

[Event "SV Erkenschwick 1 - Oberhausener SV 1"]
[Site "NRW-Klasse, Gruppe 1 2014/201"]
[Date "2014.09.14"]
[Round "1.2"]
[White "Jens, Jelmer"]
[Black "Becker, Marcel"]
[Result "0-1"]
[WhiteElo "2342"]
[BlackElo "2303"]
[PlyCount "62"]
[EventDate "2014.??.??"]
[WhiteTeam "SV Erkenschwick 1"]
[BlackTeam "Oberhausener SV 1"]

1. e4 c6 2. Nc3 d5 3. Nf3 Bg4 4. h3 Bxf3 5. Qxf3 e6 6. d4 dxe4 7. Qxe4 Nf6 8.
Qd3 Qc7 9. Be2 Nbd7 10. O-O Bd6 11. b3 O-O 12. Bb2 Rad8 13. Rad1 Rfe8 14. Ne4
Nxe4 15. Qxe4 e5 16. Qh4 Nf6 17. Rfe1 exd4 18. Bxd4 Re4 19. Bxf6 Rxh4 20. Bxh4
f6 21. Rd3 Bh2+ 22. Kf1 Rxd3 23. Bxd3 Be5 24. a4 a6 25. f3 Bd4 26. Re4 c5 27.
f4 Kf8 28. Ke2 g6 29. g4 f5 30. Re7 Qxf4 31. Rxh7 Qe3+ 0-1

[Event "SV Erkenschwick 1 - Oberhausener SV 1"]
[Site "NRW-Klasse, Gruppe 1 2014/201"]
[Date "2014.09.14"]
[Round "1.3"]
[White "Kaufeld, Juergen"]
[Black "Erwich, Marc"]
[Result "1/2-1/2"]
[WhiteElo "2219"]
[BlackElo "2323"]
[PlyCount "138"]
[EventDate "2014.??.??"]
[WhiteTeam "Oberhausener SV 1"]
[BlackTeam "SV Erkenschwick 1"]

1. d4 Nf6 2. Bg5 g6 3. Bxf6 exf6 4. e3 Bg7 5. g3 O-O 6. Bg2 f5 7. Ne2 d6 8. c4
Nd7 9. Nbc3 a5 10. O-O h5 11. Qc2 h4 12. Rad1 c6 13. Rfe1 Nf6 14. Nc1 Ng4 15.
f3 Nf6 16. Nd3 Nh5 17. Qf2 Qg5 18. Ne2 hxg3 19. hxg3 Be6 20. Rc1 Rae8 21. a3
Bc8 22. f4 Qe7 23. Nc3 Nf6 24. Bf3 Ne4 25. Qg2 Nxc3 26. bxc3 c5 27. Rb1 Qc7 28.
Bd5 Re7 29. Re2 Rfe8 30. Rbe1 Be6 31. Kf2 a4 32. Qf3 Qa5 33. Rc2 Bd7 34. Qd1 b5
35. cxb5 Bxb5 36. c4 Bd7 37. dxc5 dxc5 38. Qb1 Qa7 39. Qb7 Qa5 40. Rb1 Be6 41.
Qb5 Qxb5 42. Rxb5 Bxd5 43. cxd5 Rxe3 44. Ne5 Rxa3 45. d6 Bxe5 46. fxe5 Rd3 47.
Rcxc5 a3 48. Ra5 Rd2+ 49. Kf3 a2 50. Ra7 Kg7 51. Kf4 Kh6 52. Rca5 Rd4+ 53. Kf3
a1=Q 54. Rxa1 Rxe5 55. Rxf7 Rd3+ 56. Kf2 Rxd6 57. Ra2 Rd3 58. Rf8 Ree3 59. Rh8+
Kg7 60. Rh3 f4 61. Ra7+ Kf6 62. Ra6+ Kf5 63. Ra5+ Ke4 64. Ra4+ Rd4 65. Rxd4+
Kxd4 66. Rh4 g5 67. Rg4 Ke4 68. Rxg5 Rf3+ 69. Kg2 Rxg3+ 1/2-1/2